| 000 | 01278cam a22003494i 4500 | ||
|---|---|---|---|
| 003 | PE-LiUPU | ||
| 005 | 20250731183357.0 | ||
| 008 | 150617s r 000 0 d | ||
| 035 | _a(Sirsi) a20010 | ||
| 040 |
_aPE-LiUPU _bspa _cPE-LiUPU _erda |
||
| 049 | _aPRUA | ||
| 082 | 0 | 4 |
_a783.9 _bH996 _223 |
| 245 | 0 | 4 |
_aThe Hymnal for worship & celebration : _bcontaining Scriptures from the New American standard Bible, revised standard version, the Holy Bible, new international version, the New King James version / _c[senior editor, Tom Fettke, editor asociado, Ken Barker]. |
| 264 | 1 |
_aTexas : _bWord Music, _c1986. |
|
| 300 |
_a720 páginas, pentagramas ; _c23 cm |
||
| 336 |
_atext _2rdacontent |
||
| 337 |
_aunmediated _2rdamedia |
||
| 338 |
_avolume _2rdacarrier |
||
| 505 | 0 | _aThe Hymnal for worship e celebration. | |
| 526 | _aP158 | ||
| 526 | _aP146 | ||
| 526 | _aP17 | ||
| 526 | _aP12 | ||
| 526 | _aP06 | ||
| 650 | 0 | 4 |
_aHimnos religiosos _xInglés. |
| 700 |
_aFettke, Tom, _eeditor. _95474 |
||
| 910 | _ajck | ||
| 942 |
_2ddc _cBK |
||
| 949 |
_a783.9 _wDEWEY _c1 _i32193 _lCCODEBUL1 _mBUL _p00.00 _r0 _sY _tBOOK _u19920518 _xBIBLIOTECA _zUNKNOWN _0COMPRA _o.STAFF. Colección General |
||
| 999 |
_c19880 _d19880 |
||
| 980 |
_81 _gALBERTO SANCHEZ Responsable de Automatización |
||